000 00256nam a2200109Ia 4500
008 190216s9999||||xx |||||||||||||| ||und||
100 _aHadley G
245 0 _aLinear Algebra
260 _bAdison Wesley Publishing Co.
650 _aMathematics
942 _cBK
999 _c30692
_d30692